| 000 | 01304cam a2200289 a 4500 | ||
|---|---|---|---|
| 999 |
_c127027 _d127027 |
||
| 001 | 15662471 | ||
| 003 | ARRUPE | ||
| 005 | 20171004110110.0 | ||
| 008 | 090317s2009 nyu b 001 0 eng | ||
| 010 | _a 2009011336 | ||
| 020 | _a9780195394283 | ||
| 040 |
_aDLC _cDLC _dDLC |
||
| 050 | 0 | 0 |
_aBL51 _b.H575 2009 |
| 082 | 0 | 0 |
_a210.9 _222 |
| 245 | 0 | 4 |
_aMedieval philosophy of religion / _cedited by Graham Oppy and Nick Trakakis. |
| 260 |
_aDurham : _bAcumen Publishing limited, _c2009. |
||
| 300 |
_axiv, 289p. ; _c25 cm. |
||
| 440 |
_aThe history of western philosophy of religion _vvol. 2 _936695 |
||
| 504 | _aIncludes bibliographical references and index. | ||
| 505 | 1 | 0 | _av. 1. Ancient philosophy of religion -- v. 2. Medieval philosophy of religion -- v. 3. Early modern philosophy of religion -- v. 4. Nineteenth-century philosophy of religion -- v. 5 Twentieth-century philosophy of religion. |
| 650 | 0 |
_aReligion _xPhilosophy _xHistory. _936690 |
|
| 700 | 1 |
_aOppy, Graham Robert. _936691 |
|
| 700 | 1 |
_aTrakakis, Nick. _936692 |
|
| 906 |
_a7 _bcbc _corigcop _d2 _encip _f20 _gy-gencatlg |
||
| 942 |
_2lcc _cMONOGRAPH |
||